00847nam a22001457a 4500008004100000020001800041082002600059245017600085260008300261300002300344942001200367999001900379952015100398952015200549160127b xxu||||| |||| 00| 0 eng d a9781860580345 a621.312136 bWIN 1996 aWind energy conversion 1997 :bproceedings of the 18th British Wind Energy Association Conference, Exeter University, UK, 25-27 September 1996cedited by Dr. Mike Anderson aBury st edmunds and london:bMechanical engieering publishing limited;cc1996. a473p:bill;c26cm, 2ddccBK c355982d355982 00102ddc40708NFICaCAS-EbCAS-EcDISPLAYd2016-01-27eGolden booksg32956.00l0o621.312136 WIN 1997pCAS-E0001387r2016-01-27w2016-01-27yBK 00102ddc40708NFICaCAS-EbCAS-EcDISPLAYd2016-01-27eGolden booksg26868.00l0o621.312136 WIN 1996pCAS-E0001386r2016-01-27w2016-01-27yBK